<The> application of network analysis in project management

Proces plánovania projektu. Sieťová analýza ako nástroj manažmentu - sieťový diagram a časová analýza. Metódy sieťovej analýzy - CPM (critical path method), PERT (Program evaluation and review technique) metóda a MPM (Metra potential method).

Enregistré dans:
Détails bibliographiques
Auteur principal: Bolek, Vladimír, 1988-
Autres auteurs: Korček, František
Format: Chapitre de livre
Langue:anglais
Sujets:
Tags: Ajouter un tag
Pas de tags, Soyez le premier à ajouter un tag!

MARC

LEADER 00000naa a2200000 4500
001 0201767
005 20240502083511.9
041 0 |a eng 
044 |a CZ 
245 1 0 |a <The> application of network analysis in project management  |c Vladimír Bolek, František Korček 
520 |a Proces plánovania projektu. Sieťová analýza ako nástroj manažmentu - sieťový diagram a časová analýza. Metódy sieťovej analýzy - CPM (critical path method), PERT (Program evaluation and review technique) metóda a MPM (Metra potential method). 
610 2 0 |a analýza sieťová 
610 2 0 |a diagramy 
610 2 0 |a analýza radov časových 
610 2 0 |a projektovanie 
610 2 0 |a obchod elektronický 
610 2 0 |a riadenie projektové 
100 1 |a Bolek, Vladimír, 1988- 
700 1 |a Korček, František